| 000 | 00376nam a22001457a 4500 | ||
|---|---|---|---|
| 020 | _a9788120327221 | ||
| 040 | _cNUST | ||
| 082 | _a621.38153 MAH | ||
| 100 |
_aMaheshwari L.K, _9114021 |
||
| 110 |
_aAnand M.M.S _9114022 |
||
| 245 | _aAnalog Electronics | ||
| 260 |
_aNew Dehli: _bPrentice-Hall of India, _c2005. |
||
| 650 |
_aAnalog Electronics _9103217 |
||
| 942 |
_2ddc _cBK |
||
| 999 |
_c595422 _d595422 |
||